Educación y pueblos indígenas en Centroamérica: un balance crítico
Gespeichert in:
| Hauptverfasser: | , , |
|---|---|
| Format: | Buch |
| Sprache: | Spanisch |
| Veröffentlicht: |
Santiago
UNESCO-OREALC
1987
|
| Schlagworte: | |
| Tags: |
Tag hinzufügen
Keine Tags, Fügen Sie den ersten Tag hinzu!
|
MARC
| LEADER | 00000nam a2200000 a 4500 | ||
|---|---|---|---|
| 001 | UCW3580 | ||
| 003 | CL-VaPUC | ||
| 005 | 20241113124631.0 | ||
| 008 | 881114e19870000cl 1 spa d | ||
| 082 | 0 | 4 | |a 371.9797 |b AMA |2 21 |
| 100 | 1 | |a Amadio, Massimo |e author |9 616718 | |
| 700 | 1 | |a Varese, Stéfano |e author |9 616719 | |
| 700 | 1 | |a Picón, César |e author |9 616720 | |
| 245 | 1 | 0 | |a Educación y pueblos indígenas en Centroamérica: un balance crítico |
| 260 | |a Santiago |b UNESCO-OREALC |c 1987 | ||
| 300 | |a 159 p | ||
| 583 | |a last modification |c 20190821 08:43:52 |k Rodrigo Vera | ||
| 650 | 0 | 7 | |a INDIOS |2 CL-VaPUC |9 258588 |
| 650 | 0 | 0 | |a Educación básica |9 224933 |
| 651 | 0 | |a América Central |9 255026 | |
| 942 | |c BK | ||
| 945 | |d 19881114 00:00:00 | ||
| 546 | |a En Español | ||
| 536 | |a UNESCO | ||
| 518 | |p Seminario-Taller Sub-regional sobre Capacitación de Promotores Indígenas en Centro América y Panamá, Guatemala, julio de 1985 | ||
| 999 | |c 382082 |d 382080 | ||
| 952 | |0 0 |1 0 |4 0 |6 371_979700000000000_AMA_1987 |7 0 |8 P |9 503597 |a BIBEDU |b BIBEDU |c BIBEDU_PB |d 2020-01-23 |i 273298K |o 371.9797 AMA 1987 |p 273298K |r 2024-01-25 |w 2020-01-23 |y BK |k EDU | ||
| 952 | |0 0 |1 0 |4 0 |6 371_979700000000000_AMA_1987 |7 0 |8 X |9 503598 |a FDOMLP |b FDOMLP |d 2020-01-23 |i 4310691 |o 371.9797 AMA 1987 |p 4310691 |r 2020-01-23 |w 2020-01-23 |y BK_X |k BU2 | ||